| 000 | 00599aam a2200205 4500 | ||
|---|---|---|---|
| 005 | 20210505144853.0 | ||
| 008 | 150421b xxu||||| |||| 00| 0 spa d | ||
| 041 | _aEspañol | ||
| 082 | _a307.72 B837c | ||
| 100 |
_aBrenes Castillo, Carlos _923800 |
||
| 245 | _aComunidades rurales: criterios y herramientas para su diagnóstico | ||
| 260 |
_aCosta Rica _bEUNED _c2007 |
||
| 300 | _a192 páginas | ||
| 650 |
_aCOMUNIDADES RURALES _923801 |
||
| 650 |
_aDESARROLLO RURAL _99937 |
||
| 650 |
_aDIAGNÓSTICO _9295 |
||
| 650 |
_aCONTEXTO LOCAL _923802 |
||
| 650 |
_aGESTIÓN LOCAL _923803 |
||
| 942 | _cBK | ||
| 999 |
_c2710 _d2710 |
||